After Habermas: : new perspectives on the public sphere
Αποθηκεύτηκε σε:
| Άλλοι συγγραφείς: | , |
|---|---|
| Μορφή: | Βιβλίο |
| Γλώσσα: | English |
| Δημοσίευση: |
Oxford, UK :
Blackwell Pub.,
2004
|
| Σειρά: | Sociological review monograph
|
| Θέματα: | |
| Ετικέτες: |
Προσθήκη ετικέτας
Δεν υπάρχουν, Καταχωρήστε ετικέτα πρώτοι!
|
MARC
| LEADER | 00000cam a2200000 i 4500 | ||
|---|---|---|---|
| 001 | 1/86748 | ||
| 008 | 080527s2004 eng d | ||
| 020 | |a 978-1-4051-2365-5 (pbk.) | ||
| 020 | |a 1-4051-2365-6 (pbk.) | ||
| 035 | |l 10097723 | ||
| 040 | |a GR-MY-UA |b gre |e aacr | ||
| 041 | 0 | |a eng | |
| 082 | 0 | |a 303.38 |2 (22) | |
| 245 | 1 | 0 | |a After Habermas: : |b new perspectives on the public sphere / |c edited by Nick Crossley and John Michael Roberts |
| 260 | |a Oxford, UK : |b Blackwell Pub., |c 2004 | ||
| 300 | |a 184 σ.; |c 23 εκ. | ||
| 490 | 1 | |a A selection of previous sociological review monographs | |
| 504 | |a Περιέχει βιβλιογραφικές παραπομπές και ευρετήριο | ||
| 600 | 1 | 0 | |a Habermas, Jürgen. |
| 650 | 0 | 0 | |a Sociology |x Methodology. |
| 650 | 0 | 0 | |a Political sociology. |
| 650 | 0 | 0 | |a Social structure. |
| 650 | 0 | 0 | |a Feminism. |
| 650 | 0 | 0 | |a Internet. |
| 700 | 1 | |a Crossley, Nick |d 1968- |4 edt | |
| 700 | 1 | |a Roberts, John M. |q (John Michael) |4 edt | |
| 830 | 0 | |a Sociological review monograph | |
| 852 | |a INST |b LESVOS |e 20080527 |h 303.38 AFT |p 005100042338 |q 005100042338 |t BK |y 0 | ||
| 901 | |a BIBL1-2008-2 | ||
| 909 | |a Λ |b 152495 | ||
| 922 | |a 1ΕΛΗ |b 200803 |c ΕΠΕΑΕΚ2/ΤΚ |d Ελευθερουδάκης | ||
| 970 | |a Γιαλαμά |b Μαρία |z 2008/05/27 | ||